000 00332nam a2200133Ia 4500
008 230312s9999||||xx |||||||||||||| ||und||
020 _a93-325-8641-3
082 _a510
_bKHA-M
100 _aKhattar;Dinesh
245 0 _aMathematics for JEE Main 2018
260 _bPearson
_aIndia
_c2017
650 _aEngineering
_vMath
942 _cBK
999 _c12208
_d12208